Nuevas perspectivas en gramática funcional
Đã lưu trong:
| Những tác giả chính: | , , |
|---|---|
| Tác giả khác: | |
| Định dạng: | Sách |
| Ngôn ngữ: | Tiếng Tây Ban Nha |
| Được phát hành: |
Barcelona
Ariel
1999
|
| Loạt: | Colección Ariel Linguística
|
| Những chủ đề: | |
| Các nhãn: |
Thêm thẻ
Không có thẻ, Là người đầu tiên thẻ bản ghi này!
|
MARC
| LEADER | 00000cam a2200000 a 4500 | ||
|---|---|---|---|
| 001 | UCO2413 | ||
| 003 | CL-VaPUC | ||
| 008 | 000602e19990000SP |||||||||||||||||spa|d | ||
| 082 | 0 | 4 | |a 415 |b BUT |2 21 |
| 100 | 0 | |a Butler, Christopher S |e author |9 445561 | |
| 700 | |a Mairal, Ricardo |e autor |9 564916 | ||
| 700 | 0 | |a Martin Arista, javier |e author |9 445563 | |
| 700 | 0 | |a Ruiz de Mendoza, Francisco J |e author |9 445564 | |
| 245 | 1 | 0 | |a Nuevas perspectivas en gramática funcional |
| 300 | |a 283 p | ||
| 942 | |c BK | ||
| 945 | |d 20000602 00:00:00 |a rbrito | ||
| 260 | |a Barcelona |b Ariel |c 1999 | ||
| 650 | 0 | |a Lingüística |9 265068 | |
| 650 | 0 | |a Gramática |9 270497 | |
| 583 | |a last modification |c 20130725 05:30:47 |k Rodrigo Vera | ||
| 490 | 0 | |a Colección Ariel Linguística | |
| 999 | |c 288924 |d 288922 | ||
| 952 | |0 0 |1 0 |4 0 |6 415_000000000000000_BUT_1999 |7 0 |8 A |9 336915 |a BIBEDU |b BIBEDU |d 2019-11-20 |i 3622495 |l 1 |o 415 BUT 1999 |p 3622495 |r 2024-07-11 |s 2024-06-18 |w 2019-11-20 |y BK |k CIT | ||
| 952 | |0 0 |1 0 |4 0 |6 415_000000000000000_BUT_1999 |7 0 |8 A |9 336916 |a FDOPOS |b FDOPOS |d 2019-11-20 |i 3920356 |o 415 BUT 1999 |p 3920356 |r 2025-01-22 |w 2019-11-20 |y BK |k MLA | ||
| 952 | |0 0 |1 0 |4 0 |6 415_000000000000000_BUT_1999 |7 0 |8 A |9 336917 |a FDOPOS |b FDOPOS |d 2019-11-20 |i 4311779 |o 415 BUT 1999 |p 4311779 |r 2025-01-22 |w 2019-11-20 |y BK |k MLA | ||
| 952 | |0 0 |1 0 |4 0 |6 415_000000000000000_BUT_1999 |7 0 |8 A |9 336918 |a FDOPOS |b FDOPOS |d 2019-11-20 |i 4990978 |o 415 BUT 1999 |p 4990978 |r 2025-01-22 |w 2019-11-20 |y BK |k DLA | ||